Internet Domains - Easy - Statistics

General Stats
  • This quiz has been taken 33 times
    22 since last reset
  • The average score is 13 of 15
Answer Stats
Domain Country % Correct
.au Australia
100%
.br Brazil
100%
.fr France
100%
.ca Canada
95%
.in India
95%
.mx Mexico
95%
.nz New Zealand
95%
.de Germany
91%
.pl Poland
86%
.it Italy
82%
.co Colombia
77%
.cn China
73%
.ir Iran
73%
.tr Turkey
73%
.eg Egypt
55%
No matching quizzes found
Score Distribution
Percent of People with Each Score
Percentile by Number Answered
Your Score History
You have not taken this quiz since the last reset